000 00995nam0a22002651 4500
001 rc\2685099
005 20230515150821.0
035 _a(NLR Aleph) 006813425
090 _a6367735
_c6367735
100 _a20110915d1933 |||y0rusy50 ca
101 0 _arus
102 _aRU
105 _aa z |||||
200 1 _aВведение флотации в обработку золотых руд..
_fИ. В. Кудряшов
_g[Предисл.: И. Плаксин]
210 _aМосква
_aЛенинград
_cЦветметиздат
_d1933
_eМосква
_gшкола ФЗУ им. Арт. Халатова
215 _aОбл., 56 с.
_cил.
_d20х14 см.
320 _aБиблиогр.: "Список использованных лит. источников" (8 назв.)
700 1 _aКудряшов
_bИ. В.
702 1 _aПлаксин
_bИ.
_4080
801 0 _aRU
_bNLR
_gpsbo
801 1 _aRU
_bELAR
_2rusmarc
852 _aNLR
_j33-9/722
942 _cBOOK
980 _aNB